000 00502pab a2200181 454500
008 180718b2013 xxu||||| |||| 00| 0 eng d
100 _aYue, Lori Qingyuan
245 _aInformation spillovers from protests against corporations : A tale of Walmart and Target
260 _c2013
300 _ap.669-701.
362 _aDec
650 _aProtest movements
700 _aIngram, Paul
700 _aRao, Hayagreeva
773 _aAdministrative Science Quarterly
908 _aN
909 _a103391
999 _c103387
_d103387